Statistiken für Alle Sieger von F1-Rennen in den Niederlanden

Klicken Sie hier um das Quiz zu spielen!

Allgemein

  • Dieses Quiz wurde 129 mal gespielt
    (52 seit der letzten Aktualisierung)
  • Das Durchschnittsergebnis liegt bei 20 aus 33

Antwortstatistiken

Nr.JahrStreckeKonstrukteurNationalitätSieger% Korrekt
332023Red BullNEDMax Verstappen
100%
322022Red BullNEDMax Verstappen
100%
312021Red BullNEDMax Verstappen
100%
301985McLarenAUTNiki Lauda
91%
221977FerrariAUTNiki Lauda
91%
191974FerrariAUTNiki Lauda
91%
291984McLarenFRAAlain Prost
84%
261981RenaultFRAAlain Prost
84%
31955MercedesARGJuan Manuel Fangio
73%
21953FerrariITAAlberto Ascari
70%
11952ZandvoortFerrariITAAlberto Ascari
70%
161970LotusAUTJochen Rindt
64%
81962B.R.M.GBRGraham Hill
61%
251980BrabhamBRANelson Piquet
61%
141968MatraGBRJackie Stewart
59%
151969MatraGBRJackie Stewart
59%
181973TyrrellGBRJackie Stewart
59%
121966BrabhamAUSJack Brabham
57%
61960CooperAUSJack Brabham
57%
111965LotusGBRJim Clark
55%
101964LotusGBRJim Clark
55%
91963LotusGBRJim Clark
55%
131967LotusGBRJim Clark
55%
201975HeskethGBRJames Hunt
50%
211976McLarenGBRJames Hunt
50%
231978LotusUSAMario Andretti
50%
171971FerrariBELJacky Ickx
48%
241979WilliamsAUSAlan Jones
36%
71961FerrariGERWolfgang von Trips
34%
281983RenaultFRARené Arnoux
30%
41958VanwallGBRStirling Moss
23%
271982FerrariFRADidier Pironi
14%
51959B.R.M.SWEJoakim Bonnier
7%

Verteilung der Resultate

Perzentil nach korrekt beantworteten Fragen

Anzahl Personen mit jedem Resultat

Ihre Resultats-Entwicklung

Sie haben dieses Quiz seit der letzten Aktualisierung nicht gespielt